<?xml version="1.0" encoding="UTF-8"?>
<record
    xmlns:xsi="http://www.w3.org/2001/XMLSchema-instance"
    xsi:schemaLocation="http://www.loc.gov/MARC21/slim http://www.loc.gov/standards/marcxml/schema/MARC21slim.xsd"
    xmlns="http://www.loc.gov/MARC21/slim">

  <leader>00874nam a22002657a 4500</leader>
  <controlfield tag="005">20170123162346.0</controlfield>
  <datafield tag="010" ind1=" " ind2=" ">
    <subfield code="a">A-318652</subfield>
  </datafield>
  <datafield tag="020" ind1=" " ind2=" ">
    <subfield code="c">30.00</subfield>
  </datafield>
  <datafield tag="035" ind1=" " ind2=" ">
    <subfield code="a">A-318652</subfield>
  </datafield>
  <datafield tag="037" ind1=" " ind2=" ">
    <subfield code="b">Cen Lib/Ret</subfield>
  </datafield>
  <datafield tag="040" ind1=" " ind2=" ">
    <subfield code="a">DPL</subfield>
    <subfield code="b">UR</subfield>
  </datafield>
  <datafield tag="082" ind1=" " ind2=" ">
    <subfield code="a">351.8</subfield>
    <subfield code="b">&#x635; &#x62F; &#x6CC; </subfield>
  </datafield>
  <datafield tag="100" ind1=" " ind2=" ">
    <subfield code="a">&#x635;&#x62F;&#x6CC;&#x642;&#x6CC;&#x60C; &#x62C;&#x644;&#x6CC;&#x644; &#x639;&#x628;&#x627;&#x633; </subfield>
    <subfield code="9">475</subfield>
  </datafield>
  <datafield tag="245" ind1=" " ind2=" ">
    <subfield code="a">&#x641;&#x631;&#x6CC;&#x627;&#x62F; &#x62C;&#x631;&#x633; /</subfield>
    <subfield code="c">&#x62C;&#x644;&#x6CC;&#x644; &#x639;&#x628;&#x627;&#x633; &#x635;&#x62F;&#x6CC;&#x642;&#x6CC; </subfield>
  </datafield>
  <datafield tag="246" ind1=" " ind2=" ">
    <subfield code="a">Faryad-e-jaras /</subfield>
    <subfield code="b">by Jalil Abbas Siddique</subfield>
  </datafield>
  <datafield tag="260" ind1=" " ind2=" ">
    <subfield code="a">&#x6A9;&#x644;&#x6A9;&#x62A;&#x6C1; </subfield>
    <subfield code="b">&#x622;&#x628;&#x627;&#x62F;&#x6CC; &#x67E;&#x628;&#x644;&#x6CC;&#x6A9;&#x6CC;&#x634;&#x646;&#x632; </subfield>
    <subfield code="c">1987</subfield>
  </datafield>
  <datafield tag="270" ind1=" " ind2=" ">
    <subfield code="b">&#x6A9;&#x644;&#x6A9;&#x62A;&#x6C1; </subfield>
    <subfield code="a">&#x627;&#x686;&#x627;&#x631;&#x6CC;&#x6C1; &#x67E;&#x631;&#x641;&#x644;&#x644;&#x6C1; &#x631;&#x648;&#x688; &#x60C;&#x666;&#x666; </subfield>
  </datafield>
  <datafield tag="300" ind1=" " ind2=" ">
    <subfield code="a">229p.</subfield>
    <subfield code="c">20cm(Hb)</subfield>
  </datafield>
  <datafield tag="500" ind1=" " ind2=" ">
    <subfield code="a">&#x6A9;&#x62A;&#x627;&#x628;&#x6CC;&#x627;&#x62A; </subfield>
  </datafield>
  <datafield tag="650" ind1=" " ind2=" ">
    <subfield code="a">&#x645;&#x633;&#x644;&#x645; &#x627;&#x642;&#x6CC;&#x644;&#x679; </subfield>
    <subfield code="9">131593</subfield>
  </datafield>
  <datafield tag="650" ind1=" " ind2=" ">
    <subfield code="a">&#x62A;&#x639;&#x644;&#x6CC;&#x645;&#x6CC; &#x67E;&#x633;&#x645;&#x627;&#x646;&#x62F;&#x6AF;&#x6CC; </subfield>
    <subfield code="9">108338</subfield>
  </datafield>
  <datafield tag="650" ind1=" " ind2=" ">
    <subfield code="a">Muslim education</subfield>
    <subfield code="9">131594</subfield>
  </datafield>
  <datafield tag="650" ind1=" " ind2=" ">
    <subfield code="a">Educational backwardness</subfield>
    <subfield code="9">131595</subfield>
  </datafield>
  <datafield tag="942" ind1=" " ind2=" ">
    <subfield code="2">ddc</subfield>
    <subfield code="c">UR</subfield>
    <subfield code="h">351.8</subfield>
    <subfield code="m">&#x635; &#x62F; &#x6CC; </subfield>
  </datafield>
  <datafield tag="999" ind1=" " ind2=" ">
    <subfield code="c">108879</subfield>
    <subfield code="d">108879</subfield>
  </datafield>
  <datafield tag="952" ind1=" " ind2=" ">
    <subfield code="0">0</subfield>
    <subfield code="1">0</subfield>
    <subfield code="4">0</subfield>
    <subfield code="7">0</subfield>
    <subfield code="a">L</subfield>
    <subfield code="b">L</subfield>
    <subfield code="d">2016-02-08</subfield>
    <subfield code="e">Cen Lib/Ret</subfield>
    <subfield code="g">30.00</subfield>
    <subfield code="l">0</subfield>
    <subfield code="o">351.8 &#x635; &#x62F; &#x6CC;</subfield>
    <subfield code="p">A-318652</subfield>
    <subfield code="r">2016-02-08 00:00:00</subfield>
    <subfield code="t">1</subfield>
    <subfield code="v">30.00</subfield>
    <subfield code="w">2016-02-08</subfield>
    <subfield code="y">UR</subfield>
  </datafield>
</record>
